Damso - Carrière - Statistiques

Statistiques générales
  • Ce quiz a été pris 58 fois
    29 depuis la dernière actualisation
  • Le résultat moyen est 85 sur 169
Statistiques - réponses
Indice Réponse % Correct
10 Autotune
83%
8 Beautiful
83%
9 BruxellesVie
83%
2 Débrouillard
83%
4 Δ.Dieu ne ment jamais
83%
6 Alpha (avec Kalash)
83%
9 Ι.Peur d'être père (feat. Youri Bottermann)
83%
5 Silence (feat. Angèle)
83%
18 Humains - Bonus Track
83%
25 INTRO
83%
1 Introduction (Damso/Lithopédion)
83%
17 Ipséité - Bonus Track
83%
4 Julien
83%
6 Ζ.Kietu
83%
11 Λ.Lové
83%
11 Monde
83%
1 Α.Nwaar Is The New Black
83%
1 Périscope
83%
6 QuedelaVie
83%
4 Quotidien de baisé
83%
5 Sombre
83%
14 Ξ.Une âme pour deux
83%
9 24h plus tôt
67%
9 60 années
67%
22 911
67%
10 Aux paradis
67%
2 B.#QuedusaalVie
67%
8 CINEASTE
67%
11 COSMOS (ma première chanson, j'avais 16 ans)
67%
11 DAMSAUTISTE
67%
14 DEUX TOILES DE MER
67%
4 DEUX TOILES DE MER LIVE
67%
3 Exutoire
67%
6 Feu de bois
67%
17 BXL ZOO (avec Hamza)
67%
2019 God Bless (Hamza)
67%
7 Η.Gova
67%
1 Impardonnable
67%
2 JCVDEMS
67%
10 La rue est morte.
67%
2023 LA RUE (Gazo)
67%
13 LIFE LIFE
67%
3 Love is blind
67%
8 Θ.Macarena
67%
3 Γ.Mosaïque solitaire
67%
13 N.J Respect R
67%
1 O. OG
67%
7 Schéma
67%
5 Ε.Signaler
67%
8 Smog
67%
2018 TieksVie
67%
2025 Triple V (Werenoi & Ninho)
67%
2017 Tueurs
67%
2017 Vitrine (Vald)
67%
16 Wiliiam
67%
11 YOUVOI
67%
1 YOUVOI LIVE
67%
2024 02:00 (SCH)
50%
3 Baltringue
50%
20 BPM
50%
3 BROUILLARD
50%
1 CHROME
50%
2023 COEUR DE ICE (Zola)
50%
1 COMMENT FAIRE UN TUBE
50%
8 Conséquences
50%
2022 Dégaine (Aya Nakamura)
50%
11 Dix leurres
50%
21 D'JA ROULE
50%
2 EGO
50%
2 Festival de rêves
50%
13 Fibonacci
50%
23 FAIS CA BIEN (feat. Fally Ipupa)
50%
5 Mony (feat. Michkavie)
50%
3 Limbisa ngai (feat. Kalash Criminel)
50%
5 Magic (feat. I.A.)
50%
16 MTL (feat. Blynk)
50%
4 Pa Pa Paw (feat. SARAH SEY)
50%
4 Tout tenter (feat. Angèle)
50%
9 Frère
50%
7 Graine de sablier
50%
2017 Ivre (Benash & Shay)
50%
15 KAKI
50%
10 Κ.Kin la belle
50%
2 Laisse-moi tranquille.
50%
14 MAMILAH
50%
5 MA PUTAIN
50%
7 Même issue
50%
12 MEVTR
50%
4 Σ. MOROSE
50%
2018 Mort
50%
12 NMI
50%
2023 Nocif (Hamza)
50%
15 Noir meilleur
50%
12 Μ.Noob Saibot
50%
2016 Paris c'est loin (Booba)
50%
9 Ψ. PASSION
50%
3 P. DOSE
50%
2 P. DOSE LIVE
50%
13 Perplexe
50%
12 Police
50%
19 POUR L'ARGENT
50%
2024 Pyramide (Werenoi)
50%
2022 RENCONTRE (disiz)
50%
24 ROSE MARTHE'S LOVE
50%
15 SENTIMENTAL
50%
2018 Smeagol
50%
14 Tard la night
50%
5 T. CHIALER
50%
5 T. CHIALER LIVE
50%
11 T'es mon DEL
50%
7 Φ. THEVIE RADIO
50%
16 THEVIE RADIO (Interlude)
50%
2019 Tricheur (Nekfeu)
50%
7 VAGABOND
50%
2 Π. VANTABLACK
50%
10 VIE OLENCE
50%
10 Ω. VIVRE UN PEU
50%
8 X. ZWAAR
50%
6 Y. 2 DIAMANTS
50%
8 YA TENGO SENTIMIENTOS
50%
2015 Black
33%
10 BLASE
33%
2022 Cœur de pirate
33%
3 COEUR EN MIETTES LIVE
33%
2018 CQFD
33%
2021 Démons (Angèle)
33%
2018 Fais-moi un Vie
33%
18 COEUR EN MIETTES (feat. Lous and the Yakuza)
33%
2025 FREE CONGO
33%
9 ISOLER
33%
2021 J'avais juste envie d'écrire
33%
6 LE TALENT NE SUFFIT PAS
33%
2022 Lubie (Lous and The Yakuza)
33%
2022 Malpolis (Kalash)
33%
2017 Mobali (Siboy & Benash)
33%
2018 Mucho Dinero
33%
2017 Mwaka Moon (Kalash)
33%
2020 Oeveillé
33%
2015 Pinocchio (Booba & Gato)
33%
2015 Poséidon
33%
2019 Praliné (Kalash)
33%
17 Prise de conscience
33%
2020 Promo (Ninho)
33%
7 Qui m'a demandé
33%
18 Rondo
33%
6 Wolof
33%
2020 Best (Innoss'B)
17%
2022 Bodies (Gazo)
17%
2020 But en or (Kalash Criminel)
17%
2021 Du mal à te dire (Dinos)
17%
2021 Etranger (ElGrandeToto)
17%
2022 .FUMEE.EPAISSE. (Kobo)
17%
2025 Grand Soleil
17%
2022 I Love You (Kalash)
17%
2019 JTC (Kalash)
17%
2017 Noche (Lacrim)
17%
4 ON N'ESTJAMAIS MIEUX COMPRIS QUE PAR SOI-MÊME
17%
2019 ParoVie (D.A.V)
17%
2019 Personne (Vegedream)
17%
2023 Quoi de neuf bébé (Jok'air)
17%
2021 R9R-LINE (Laylow)
17%
2018 Rêves bizarres (Orelsan)
17%
2019 Robe (Dadju)
17%
2019 RVRE (404Billy)
17%
2019 SOLITERRIEN (Ikaz Boi)
17%
2025 TU ME RENDS BÊTE (GIMS)
17%
2022 WantedYou to Know (Selah Sue)
17%
2017 117 (Booba)
0%
2024 Du feu (Eva)
0%
Aucun quiz correspondant
Distribution des résultats
% des personnes avec chaque résultat
Percentile par nombre de réponses
Votre historique - résultats
Vous n’avez pas pris ce quiz depuis la dernière actualisation